Vplyv svetovej ekonomickej krízy na MSP v SR

Kríza plno zasiahla segment malých a stredných podnikov hlavne v roku 2008, v ktorom sa zhoršili takmer všetky sledované ukazovatele. Sprísnenie úverových štandardov zo strany bánk spôsobilo zhoršený prístup malých a stredných podnikov k úverovým zdrojom a sťažili možnosti financovania týchto podnik...

Descrizione completa

Salvato in:
Dettagli Bibliografici
Autore principale: Kalusová, Lenka, 1987-
Natura: Capitolo di libro
Lingua:slovacco
Soggetti:
Tags: Aggiungi Tag
Nessun Tag, puoi essere il primo ad aggiungerne!!

MARC

LEADER 00000nla a2200000 4500
001 0160108
005 20240502072759.5
041 0 |a slo 
044 |a SK 
245 1 0 |a Vplyv svetovej ekonomickej krízy na MSP v SR  |c Lenka Kalusová 
520 |a Kríza plno zasiahla segment malých a stredných podnikov hlavne v roku 2008, v ktorom sa zhoršili takmer všetky sledované ukazovatele. Sprísnenie úverových štandardov zo strany bánk spôsobilo zhoršený prístup malých a stredných podnikov k úverovým zdrojom a sťažili možnosti financovania týchto podnikov. Oproti roku 2007 sa v roku 2010 výrazne zvýšil počet malých a stredných podnikov, ktoré žiadali o úver, ale ktorým tento úver nebol poskytnutý. Napriek tomu prevažná časť malých a stredných podnikov dokázala krízu prekonať, udržať si svoj stabilný podiel na zamestnanosti a v niektorých prípadoch dokonca zvýšiť svoj podiel na zisku pred zdanením. 
610 2 0 |a podnik malý 
610 2 0 |a podnik stredný 
610 2 0 |a kríza hospodárska 
610 2 0 |a financovanie podnikov 
610 2 0 |a úver bankový 
610 2 0 |a nezamestnanosť 
610 2 0 |a zisk podnikový 
610 2 0 |a Slovensko 
100 1 |a Kalusová, Lenka, 1987-